| 000 | 00541nam a2200169Ia 4500 | ||
|---|---|---|---|
| 003 | GCL | ||
| 008 | 140319s9999 xx 000 0 ara d | ||
| 040 |
_aGCL / _cGCL |
||
| 082 | 0 | 4 |
_a001.6 _bم ت |
| 100 | 1 | _aمحمد محمد الهادى | |
| 245 | 1 | 0 |
_aالتطورات الحديثة لنظم المعلومات المبنية على الكمبيوتر / _cمحمد محمد الهادى |
| 300 | _a322 ص | ||
| 490 |
_aكتاب _v0 |
||
| 650 | 0 | 4 | _aنظم المعلومات |
| 650 | 0 | 4 | _aالمعلومات، علم |
| 942 |
_2ddc _cBK |
||
| 999 |
_c41426 _d41426 |
||